La educación del estilo: método práctico para adquirir facilidad de redacción y de estilo / Paul C. Jagot (Registro nro. 2202)

Detalles MARC
000 -LEADER
fixed length control field 00562nam a22002051a 4500
001 - CONTROL NUMBER
control field 2202
003 - CONTROL NUMBER IDENTIFIER
control field OSt
005 - DATE AND TIME OF LATEST TRANSACTION
control field 20260204211804.0
008 - FIXED-LENGTH DATA ELEMENTS--GENERAL INFORMATION
fixed length control field 040204s1972||||sp ||||||b||||||||||spa||
050 ## - LIBRARY OF CONGRESS CALL NUMBER
Classification number 370 J187l
082 ## - DEWEY DECIMAL CLASSIFICATION NUMBER
Classification number 370 J187l
100 ## - ASIENTO PRINCIPAL -- NOMBRE PERSONAL
Personal name Jagot, Paul C.
245 ## - TÍTULO PROPIAMENTE DICHO: SUBTÍTULO
Title La educación del estilo: método práctico para adquirir facilidad de redacción y de estilo / Paul C. Jagot
250 ## - MENCIÓN DE EDICIÓN
Edition statement 8
264 ## - PRODUCTION, PUBLICATION, DISTRIBUTION, MANUFACTURE, AND COPYRIGHT NOTICE
Place of production, publication, distribution, manufacture España : IBERIA; S.A
300 ## - PHYSICAL DESCRIPTION
Extensión 226 p.
500 ## - GENERAL NOTE
General note Incluye indice
650 ## - ASIENTO SECUNDARIO DE MATERIA -- TERMINO TEMÁTICO
Termino Temático Como Elemento de Entrada 1.Educación - Método PrácticoÌ
942 ## - ADDED ENTRY ELEMENTS (KOHA)
Source of classification or shelving scheme Dewey Decimal Classification
Koha item type Libros
Existencias
Withdrawn status Lost status Source of classification or shelving scheme Damaged status Not for loan Current library Date acquired Total Checkouts Full call number Barcode Date last seen Price effective from Koha item type
    Dewey Decimal Classification     Biblioteca UTECO 09/09/2019   370 J187L 006491 09/09/2019 09/09/2019 Libros
© 2021 Derechos Reservados UTECO - Teléfono: +1 809-585-2291 - Correo electrónico: biblioteca@uteco.edu.do​  
Código postal 43000 ​​
Dirección: Avenida Universitaria No. 100, 
Cotuí, Provincia Sánchez Ramírez, República Dominicana - RNC: 404-00059-6